| 000 | 00764nam a2200253Ia 4500 | ||
|---|---|---|---|
| 003 | OSt | ||
| 005 | 20221005092423.0 | ||
| 006 | a|||||r|||| 00| 0 | ||
| 007 | ta | ||
| 008 | 221004b |||||||| |||| 00| 0 eng d | ||
| 020 |
_a9780815369660 (pbk) _cUKP 32.99 |
||
| 024 | _a68226 | ||
| 037 |
_b108, 17/01/2020, Classic Book Service _cTextual |
||
| 040 |
_aCRL _cCRL _beng |
||
| 041 |
_2eng _aeng |
||
| 082 | _aR34, R0 | ||
| 100 |
_aLevy Ken M. Au. _9617287 |
||
| 245 | 0 |
_aFree will, responsibility, and crime _b introduction |
|
| 260 |
_aNew York _bRoutledge USA _c2020 |
||
| 300 |
_axiii,197p. _ccm. |
||
| 650 | _aPHILOSOPHY | ||
| 942 |
_hR34, R0 _cTEXL _2cc |
||
| 999 |
_c998813 _d998813 |
||